000 00333 a2200133 4500
082 _a181.07
090 _c6113
_d6113
100 _aWalbridge ,J.
245 _aThe Philosophy of Illumination.
_cJ.Walbridge.
260 _aLahore.
_bSuhail Academy.
_c2005.
300 _a218p.
500 _aHard cover.
942 _aNBS
_cBK
_k181.07 WAL
999 _c348496
_d348496